Quick Pick: Animal Adjectives Quiz Stats

 Plays Quiz Updated Mar 8, 2016

Challenge
Share
Tweet
Embed
Score 0/12 Timer 01:00
1 Play Today
% Correct
Catlike
94.4%
Snakelike
93.7%
Horselike
89.8%
Cowlike
85.5%
Fishlike
81.7%
Piglike
80.4%
Wolflike
73.3%
Bearlike
66.7%
Foxlike
52.3%
Deerlike
45.5%
Eaglelike
42.5%
Ravenlike
40.5%

Today's Daily Dose

You're not logged in!

Compare scores with friends on all Sporcle quizzes.
OR
Log In

You Might Also Like...

Show Comments

Extras

Top Quizzes Today


Score Distribution

Your Account Isn't Verified!

In order to create a playlist on Sporcle, you need to verify the email address you used during registration. Go to your Sporcle Settings to finish the process.

Report this User

Report this user for behavior that violates our Community Guidelines.

Details: